000 00373 a2200169 4500
001 69077
020 _a8508074646
040 _cAnchieta - Itaigara
100 _aAzevedo, Ricardo
240 1 0 _aO livro dos sentidos
_lpor
245 1 0 _aO livro dos sentidos
300 _a79
362 0 _a2000
440 1 _aÁtica
650 4 _aLiteratura infanto-juvenil
942 _cBK
999 _c69077
_d69077